Banderas del Mundo con tres rayas - Estadísticas

Estadísticas generales
  • Esta prueba ha sido intentada 28 veces
  • La puntuación promedio es 25 de 27
Estadísticas de respuestas
País % Correcto
Alemania
100%
Bélgica
100%
Costa de Marfil
100%
Francia
100%
Irlanda
100%
Italia
100%
Nigeria
100%
Perú
100%
Bolivia
96%
Chad
96%
Colombia
96%
Estonia
96%
Austria
93%
Guinea
93%
Letonia
93%
Lituania
93%
Mali
93%
Rumanía
93%
Rusia
93%
Bulgaria
89%
Gabón
89%
Hungría
89%
Países Bajos
89%
Yemen
89%
Luxemburgo
85%
Armenia
81%
Sierra Leona
81%
No se encontraron pruebas coincidentes
Distribución de puntuación
Porcentaje de gente con cada puntuación
Porcentaje por número respondido
Historial de tus puntuaciones
No has intentado esta prueba.